000
00198 a2200097 4500
001
52222
100
_a
Rand A
245
_a
The Fountainhead
260
_a
London
_b
Granda
_c
090
_c
32885
_d
32885
942
_a
NUST-CAE
_c
M
_c
25430
999
_c
287295
_d
287295